Nie je banka ako banka Od skromných začiatkov medzi elitu
Vznik a činnosť Priemyselnej banky, a.s. v Košiciach. Kapitálové zdroje banky, aktivity a služby, ktoré banka ponúka.
Gespeichert in:
| 1. Verfasser: | |
|---|---|
| Format: | Buchkapitel |
| Sprache: | Slowakisch |
| Schlagworte: | |
| Tags: |
Keine Tags, Fügen Sie das erste Tag hinzu!
|
MARC
| LEADER | 00000naa a2200000 4500 | ||
|---|---|---|---|
| 001 | r014165 | ||
| 005 | 20221213083038.6 | ||
| 041 | 0 | |a slo | |
| 044 | |a CZ | ||
| 245 | 1 | 0 | |a Nie je banka ako banka |b Od skromných začiatkov medzi elitu |c O. Luptáková |
| 520 | |a Vznik a činnosť Priemyselnej banky, a.s. v Košiciach. Kapitálové zdroje banky, aktivity a služby, ktoré banka ponúka. | ||
| 610 | 2 | 0 | |a banky |
| 610 | 2 | 0 | |a Priemyselná banka, a.s. Košice |
| 100 | 1 | |a Luptáková, O. | |